<The> Political economy of reforms in central and eastern Europe

Na minha lista:
Detalhes bibliográficos
Autor principal: Fidrmuc, Jan
Formato: Livro
Idioma:inglês
holandês
Publicado em: Tilburg CentER 1999
Colecção:Dissertation series No. 54
Assuntos:
Tags: Adicionar Tag
Sem tags, seja o primeiro a adicionar uma tag!

MARC

LEADER 00000nam a2200000 4500
001 c114004
005 20250509104047.7
020 |a 90-5668-053-6 
041 0 |a eng 
041 0 |a dut 
044 |a NL 
245 1 0 |a <The> Political economy of reforms in central and eastern Europe  |c Jan Fidrmuc 
264 1 |a Tilburg  |b CentER  |c 1999 
300 |a 147 s. 
490 1 |a Dissertation series  |v No. 54 
830 0 |a Dissertation series  |v No. 54 
610 2 0 |a politika hospodárska 
610 2 0 |a reformy 
610 2 0 |a reformy hospodárske 
610 2 0 |a transformácia 
610 2 0 |a obdobie prechodné 
610 2 0 |a nezamestnanosť 
610 2 0 |a podnikanie 
610 2 0 |a mzdy 
610 2 0 |a liberalizácia 
610 2 0 |a únie menové 
610 2 0 |a integrácia ekonomická 
610 2 0 |a modely 
610 2 0 |a ekonómia politická 
610 2 0 |a SVE 
100 1 |a Fidrmuc, Jan